Southville International School and Colleges
Your cart is empty.
  • Cart
  • Lists
    Public lists Eva Luna New books Lux_list list_1
    Your lists Log in to create your own lists
  • Log in to your account
  • Your cookies
  • Search history
Southville International School and Colleges
  • Advanced search
  • Recent comments
  • Most popular
  • Libraries

Log in to your account

Log in with GOOGLE


If you do not have an external account, but do have a local account, you can still log in:

  1. Home
  2. MARC view: Mephisto waltz /
Normal view MARC view ISBD view

Mephisto waltz / (Record no. 288860)

[ view plain ]
MARC details
000 -LEADER
fixed length control field 00652nam a22002535a 4500
001 - CONTROL NUMBER
control field 17466615
003 - CONTROL NUMBER IDENTIFIER
control field PILC
005 - DATE AND TIME OF LATEST TRANSACTION
control field 20151014155219.0
008 - FIXED-LENGTH DATA ELEMENTS--GENERAL INFORMATION
fixed length control field 120918s2012 cau 000 0 eng
010 ## - LIBRARY OF CONGRESS CONTROL NUMBER
LC control number 2012949688
020 ## - INTERNATIONAL STANDARD BOOK NUMBER
International Standard Book Number 9780982620366
040 ## - CATALOGING SOURCE
Original cataloging agency DLC
Transcribing agency DLC
042 ## - AUTHENTICATION CODE
Authentication code pcc
050 ## - LIBRARY OF CONGRESS CALL NUMBER
Classification number PZ 7
Item number .Z41 2012
100 1# - MAIN ENTRY--PERSONAL NAME
Personal name Zebroski, Gisela.
245 10 - TITLE STATEMENT
Title Mephisto waltz /
Statement of responsibility, etc Gisela Zebroski.
250 ## - EDITION STATEMENT
Edition statement 2nd edition.
260 ## - PUBLICATION, DISTRIBUTION, ETC. (IMPRINT)
Place of publication, distribution, etc Menlo Park, CA :
Name of publisher, distributor, etc Inkling,
Date of publication, distribution, etc 2012.
263 ## - PROJECTED PUBLICATION DATE
Projected publication date 1209
300 ## - PHYSICAL DESCRIPTION
Extent 475 pages ;
Dimensions 23 cm.
906 ## - LOCAL DATA ELEMENT F, LDF (RLIN)
a 0
b ibc
c orignew
d 2
e epcn
f 20
g y-gencatlg
942 ## - ADDED ENTRY ELEMENTS (KOHA)
Source of classification or shelving scheme Library of Congress Classification
Koha item type Books
Call number prefix Foreign
Holdings
Withdrawn status Lost status Source of classification or shelving scheme Damaged status Home library Current library Shelving location Date acquired Source of acquisition Sub Shelving location Total Checkouts Full call number Barcode Date last seen Price effective from Koha item type
    Library of Congress Classification   College Library College Library Fiction Section 10/14/2015 Donation     PZ 7 .Z41 2012 C20197 05/08/2018 10/14/2015 Books

Mephisto waltz /

APA

Zebroski G., . (2012). Mephisto waltz. Menlo Park, CA: Inkling.

Chicago

Zebroski Gisela, . 2012. Mephisto waltz. Menlo Park, CA: Inkling.

Harvard

Zebroski G., . (2012). Mephisto waltz. Menlo Park, CA: Inkling.

MLA

Zebroski Gisela, . Mephisto waltz. Menlo Park, CA: Inkling. 2012.

  • Place hold
  • Print
  • Cite
  • Add to your cart (remove)
  • Save record
    BIBTEX Dublin Core MARCXML MARC (non-Unicode/MARC-8) MARC (Unicode/UTF-8) MARC (Unicode/UTF-8, Standard) MODS (XML) RIS
  • More searches
    Search for this title in:
    Other Libraries (WorldCat) Other Databases (Google Scholar) Online Stores (Bookfinder.com) Open Library (openlibrary.org)

Exporting to Dublin Core...

SOUTHVILLE LIBRARY

Southville International School and Colleges Library

1281 Tropical Ave. Cor. Luxembourg St., BF Homes International, Las Pinas City

Tel. No. 8256374 / 252358 Loc. 117/146

Powered by Koha